=LDR 00000nam 2200000 4500 =001 INLIS000000000011549 =005 20201203083818 =035 ##$$a 0010-061300000011549 =008 201203################g##########0#ind## =041 ##$$a Ind =082 ##$$a 324.659 8 =090 ##$$a 324.659 8, Sik s =245 ##$$a Sikap politik tiga kontestan /$c Penyunting, Dr. Burhan Magenda =260 ##$$a Jakarta :$b Pustaka Sinar Harapan,$c 1992 =300 ##$$a xi, 199 hlm. : $b ilus. ; $c 20 x 14 cm. =650 #4$$a Partai Politik-Indonesia =700 #$$a Burhan Magenda =850 ##$$a NBPNMAT =084 ##$$a 324.659 8 SIK s =250 ##$$a cet. 1 =990 ##$$a 45.456/Pro-92 =990 ##$$a 45.457/Pro-92 =990 ##$$a 45.458/Pro-92 =990 ##$$a 59.470/pro-93